000 00710nas a2200241 4500
001 BR7701988
003 BR-BrBNA
005 20231205083145.0
007 ta
008 230509b bl.|||p| |||| 00| 00por d
040 _aBR-BrBNA
_bpor
_cBiblioteca Nacional de Agricultura
041 _a(Pt)
072 _aH10
100 1 _aLara, F.M.
100 1 _aSilveira Neto, S.
245 1 _aFlutuacoes populacionais de noctuideos pragas, na regiao de Jaboticabal, Sao Paulo
650 _aINSETO
650 _aARMADILHA LUMINOSA
650 _aSAO PAULO
773 0 _tCientifica (Brazil)
_xISSN 0100-0039
_g(1977), v. 5(3) p. 262-270
_wBR7701988
909 _a202311
_bLúcia
_c55
_dLúcia Elande
942 _2AGRIS
_n0
_cANA
999 _c96788
_d96788